<?xml version="1.0" encoding="UTF-8"?>
<record
    xmlns:xsi="http://www.w3.org/2001/XMLSchema-instance"
    xsi:schemaLocation="http://www.loc.gov/MARC21/slim http://www.loc.gov/standards/marcxml/schema/MARC21slim.xsd"
    xmlns="http://www.loc.gov/MARC21/slim">

  <leader>04543    a2200205   4500</leader>
  <controlfield tag="001">54973</controlfield>
  <controlfield tag="005">20260407155825.0</controlfield>
  <controlfield tag="008">260407a2004    arg                 spa d</controlfield>
  <controlfield tag="003">AR-UNSa-BCEJYS</controlfield>
  <datafield tag="040" ind1=" " ind2=" ">
    <subfield code="a">AR-UNSa-BCEJYS</subfield>
    <subfield code="b">spa</subfield>
    <subfield code="c">AR-UNSa-BCEJYS</subfield>
  </datafield>
  <datafield tag="080" ind1=" " ind2=" ">
    <subfield code="a">174</subfield>
    <subfield code="x">Etica Profesional</subfield>
  </datafield>
  <datafield tag="245" ind1="1" ind2="0">
    <subfield code="a">Actuaci&#xF3;n judicial del profesional en ciencias econ&#xF3;micas</subfield>
  </datafield>
  <datafield tag="020" ind1=" " ind2=" ">
    <subfield code="a">987-1140-23-1</subfield>
  </datafield>
  <datafield tag="264" ind1=" " ind2="1">
    <subfield code="a">Buenos Aires :</subfield>
    <subfield code="b">Osmar D. Buyatti</subfield>
    <subfield code="c">2004</subfield>
  </datafield>
  <datafield tag="300" ind1=" " ind2=" ">
    <subfield code="a">519 p.</subfield>
    <subfield code="c">23 cm.</subfield>
  </datafield>
  <datafield tag="505" ind1=" " ind2=" ">
    <subfield code="a">1. Aspectos jur&#xED;dicos de la informaci&#xF3;n contable - 2. Extinci&#xF3;n del contrato de trabajo-c&#xE1;lculo de los distintos rubros-Aplicaci&#xF3;n de jurisprudencia de la suprema corte de justicia de la provincia de Buenos Aires - 3. Liquidaci&#xF3;n de aver&#xED;as-Intervenci&#xF3;n del contador - 4. Actuaci&#xF3;n del contador p&#xFA;blico en el proceso administrativos provincial (Provincia de Buenos Aires) como perito de parte - 5. La distribuci&#xF3;n de utilidades indisponibles - 6. Responsabilidades e incompatibilidades profesionales.Incumbencias profesionales - 7. Evoluci&#xF3;n de la Sindicatura Concursal - 8. Los cambios en las actividades de la Sindicatura,en el concurso,a la luz del proyecto de Reforma Branda-800/00-de la LCQ - 9. Hacia un concurso m&#xE1;s cre&#xED;ble para el acreedor - 10. La situaci&#xF3;n abusiva del deudor en los procesos concursales - 11. El dictamen del contador p&#xFA;blico en la presentaci&#xF3;n del concurso preventivo - 12. Art&#xED;culo 11 (incisos 3 y 5) de la Ley 24.522 - 13. Nuevas obligaciones tributarias impuestas por la AFIP - 14. Naturaleza y c&#xF3;mputo del arancel establecido por el art&#xED;culo 32 de la Ley 24.522 - 15. El resultado de la explotaci&#xF3;n y el pronto pago laboral - 16. Cr&#xE9;ditos laborales y su pronto pago - 17. Mutuos dinerarios en los concursos y quiebras: &#xBF;Cr&#xE9;ditos en pesos o pesificados? - 18. Nociones sobre verificaci&#xF3;n de cr&#xE9;ditos en operaciones con comercio electr&#xF3;nico - 19. Verificaci&#xF3;n de cr&#xE9;ditos fiscales: Su problem&#xE1;tica - 20. Importancia del informe a realizar por la Sindicatura en el incidente d everificaci&#xF3;n tard&#xED;a de cr&#xE9;ditos art. 56 de la Ley 24.522 - 21. Profundizando sobre una frontera contable: Los cargos diferidos - 22. El m&#xED;nimo &#xE9;tico de la propuesta de acuerdo - 23. Consideraciones sobre la conversi&#xF3;n de quiebra en concurso preventivo - 24. Efectos del desistimiento del concurso preventivo originado en la conversi&#xF3;n de quiebra en concurso preventivo - 25. Alternativas para la determinaci&#xF3;n de los pasivos posconcursales en el actual r&#xE9;gimen de cramdown - 26. Acci&#xF3;n de responsabilidad concursal-Procedencia-Da&#xF1;o resarcible - 27. La infracapitalizaci&#xF3;n ante el endeudamiento,sobreendeudamiento y el sobrendeudamiento irresponsable entre la falta de diligencias del buen hombre de negocios y la invalidez de la limitaci&#xF3;n de la responsabilidad patrimonial - 28. Efectos del concurso preventivo de un club f&#xFA;tbol sobre el contrato de un jugador profesional.Convenio colectivo del futbolista - 29. Ejecuci&#xF3;n hipotecaria en el proceso concursal - 30. Algunas cuestiones sobre el concurso de caso de agrupamiento - 31. Concurso en caso de agrupamiento - 32. La empresa de servicios p&#xFA;blicos en la quiebra - 33. Efectos de la quiebra sobre el r&#xE9;gimen de los bienes propios y gananciales.Quiebra del c&#xF3;nyuge - 34. La quiebra de la persona f&#xED;sica: &#xBF;Es causal de eximici&#xF3;n de la obligaci&#xF3;n de prestar alimentos? - 35. &#xBF;Qu&#xE9; activo deber&#xED;a haber al declararse la quiebra? - 36. An&#xE1;lisis y perspectivas del r&#xE9;gimen de continuaci&#xF3;n de la explotaci&#xF3;n empresaria-Importancia del operador - 37. La cooperativa de trabajo en la continuidad de la explotaci&#xF3;n en la quiebra - 38. Continuaci&#xF3;n de la actividad empresaria en la quiebra-Responsabilidad del s&#xED;ndico en la explotaci&#xF3;n de la misma por cooperativa de trabajo - 39. Continuaci&#xF3;n de la actividad empresaria en las asociaciones civiles-Caso de los clubes de f&#xFA;tbol en quiebra-Transformaci&#xF3;n en sociedades an&#xF3;nimas deportivas - 40. Concursabilidad de las entidades deportivas.R&#xE9;gimen especial de administraci&#xF3;n de entidades deportivas con dificultades econ&#xF3;micas.Fideicomiso de administarci&#xF3;n con control judicial-Ley 25284-Facultad del juez del concurso para determinar la aplicaci&#xF3;n del R&#xE9;gimen Legal(Art.5) - 41. Informe final y proyecto de distribuci&#xF3;n - 42. S&#xED;ndico-Quiebra indirecta por falta d epago de sus honorarios-Designaci&#xF3;n de nuevo S&#xED;ndico por causal de  "recusaci&#xF3;n" con causa-acreedor e inter&#xE9;s en el pleito</subfield>
  </datafield>
  <datafield tag="942" ind1=" " ind2=" ">
    <subfield code="c">BK</subfield>
  </datafield>
  <datafield tag="590" ind1=" " ind2=" ">
    <subfield code="a">niveau_biblio:m niveau_hierar:0</subfield>
  </datafield>
  <datafield tag="100" ind1="1" ind2=" ">
    <subfield code="a">Telese, Miguel</subfield>
  </datafield>
  <datafield tag="999" ind1=" " ind2=" ">
    <subfield code="c">5859</subfield>
    <subfield code="d">5859</subfield>
  </datafield>
  <datafield tag="952" ind1=" " ind2=" ">
    <subfield code="0">0</subfield>
    <subfield code="1">0</subfield>
    <subfield code="4">0</subfield>
    <subfield code="7">0</subfield>
    <subfield code="a">BCEJYS</subfield>
    <subfield code="b">BCEJYS</subfield>
    <subfield code="c">16</subfield>
    <subfield code="d">2026-04-07</subfield>
    <subfield code="l">0</subfield>
    <subfield code="o">174 T269</subfield>
    <subfield code="p">L116431</subfield>
    <subfield code="r">2026-04-07 15:58:25</subfield>
    <subfield code="w">2026-04-07</subfield>
    <subfield code="y">L</subfield>
  </datafield>
</record>
